[Event "London Classic U1825 op 10th"]
[Site "London"]
[Date "2018.12.16"]
[Round "4"]
[White "Chen, Jimmy Sheng"]
[Black "Miller, Max C"]
[Result "1-0"]
[WhiteElo "1667"]
[BlackElo "1499"]
[PlyCount "73"]
[EventDate "2018.12.14"]
[EventType "swiss"]
[EventRounds "5"]
[EventCountry "ENG"]
[SourceTitle "CBM 187 Extra"]
[Source "ChessBase"]
[SourceDate "2018.11.04"]
[SourceVersion "1"]
[SourceVersionDate "2018.11.04"]
[SourceQuality "1"]

1. d4 Nf6 2. c4 e6 3. Nc3 c5 4. d5 exd5 5. cxd5 d6 6. e4 g6 7. Bd3 Bg7 8. h3 0-0 9. Nf3 Nbd7 10. Bf4 Nb6 11. 0-0 Nh5 12. Bh2 Bh6 13. Re1 Nf4 14. Bc2 Bxh3 15. Bxf4 Bxf4 16. gxh3 Qd7 17. Ne2 Bh6 18. Kg2 f5 19. exf5 gxf5 20. Rg1 Rae8 21. Ng3 Re7 22. Nh4 Rg7 23. Kh2 Bf4 24. Qf3 Be5 25. Nhxf5 Kh8 26. Rae1 Rgf7 27. Rxe5 dxe5 28. Qe4 Nxd5 29. Rd1 Rxf5 30. Nxf5 Qe6 31. Rxd5 Qg6 32. Qxe5+ Kg8 33. Ne7+ Kf7 34. Nxg6 Kg8 35. Nxf8 Kxf8 36. Qc7 c4 37. Rd8# 1-0

[Event "London Classic U1825 op 10th"]
[Site "London"]
[Date "2018.12.14"]
[Round "1"]
[White "Dhemrait, Surjit S"]
[Black "Chen, Jimmy Sheng"]
[Result "0-1"]
[WhiteElo "1538"]
[BlackElo "1667"]
[PlyCount "46"]
[EventDate "2018.12.14"]
[EventType "swiss"]
[EventRounds "5"]
[EventCountry "ENG"]
[SourceTitle "CBM 187 Extra"]
[Source "ChessBase"]
[SourceDate "2018.11.04"]
[SourceVersion "1"]
[SourceVersionDate "2018.11.04"]
[SourceQuality "1"]

1. e4 e5 2. Nc3 Nf6 3. Bc4 Bc5 4. Nf3 d6 5. d3 c6 6. Bg5 Nbd7 7. 0-0 Nf8 8. d4 exd4 9. Nxd4 Ng6 10. Nf3 h6 11. Be3 Bxe3 12. fxe3 0-0 13. Nd4 Ne5 14. Bb3 Nfg4 15. Qe1 Qg5 16. Rf4 Ng6 17. Rf3 h5 18. h3 N6e5 19. Rg3 h4 20. Nf3 Nxf3+ 21. Rxf3 Ne5 22. Rf5 Bxf5 23. exf5 Nf3+ 0-1